Business law (Record no. 5594)

MARC details
000 -LEADER
fixed length control field 00599cam a2200241ua 4500
001 - CONTROL NUMBER
control field 6450
005 - DATE AND TIME OF LATEST TRANSACTION
control field 20260515114042.0
008 - FIXED-LENGTH DATA ELEMENTS--GENERAL INFORMATION
fixed length control field 131210n ii |||gr||||Z||||||eng
020 ## - INTERNATIONAL STANDARD BOOK NUMBER
International Standard Book Number 81-272-1774-3
040 ## - CATALOGING SOURCE
Transcribing agency MAIN
082 ## - DEWEY DECIMAL CLASSIFICATION NUMBER
Classification number 346.07
245 ## - TITLE STATEMENT
Title Business law
Statement of responsibility, etc. By K.C. Garg
250 ## - EDITION STATEMENT
Edition statement 2nd rev. ed.
260 ## - PUBLICATION, DISTRIBUTION, ETC.
Place of publication, distribution, etc. Ludhiana:
Name of publisher, distributor, etc. Kalyani publishers,
Date of publication, distribution, etc. 2002.
300 ## - PHYSICAL DESCRIPTION
Extent x,54p.
653 ## - INDEX TERM--UNCONTROLLED
Uncontrolled term Commerce
653 ## - INDEX TERM--UNCONTROLLED
Uncontrolled term Business law
700 ## - ADDED ENTRY--PERSONAL NAME
Personal name Garg,K.C.,
Relator term Author.,
700 ## - ADDED ENTRY--PERSONAL NAME
Personal name Sareen,V.K.,
Relator term Author.
700 ## - ADDED ENTRY--PERSONAL NAME
Personal name Sharma,Mukesh,
Relator term Author.
700 ## - ADDED ENTRY--PERSONAL NAME
Personal name Chawla,R.C.,
Relator term Author.
942 ## - ADDED ENTRY ELEMENTS (KOHA)
Koha item type Books
Holdings
Withdrawn status Lost status Damaged status Not for loan Home library Current library Shelving location Date acquired Total checkouts Full call number Barcode Date last seen Date last checked out Copy number Price effective from Koha item type
        Naharkatiya College Library Naharkatiya College Library General stacks 09/19/2020 1 346.07 | GAR 16609 02/28/2023 01/24/2023 3 09/19/2020 Books
        Naharkatiya College Library Naharkatiya College Library General stacks 09/19/2020 4 346.07 | GAR 18228 03/28/2022 01/03/2022 1 09/19/2020 Books
        Naharkatiya College Library Naharkatiya College Library General stacks 09/19/2020   346.07 | GAR 18229 09/19/2020   2 09/19/2020 Books